Evaluation of the internship programs of the university of Rizal (Record no. 1584)

MARC details
000 -LEADER
fixed length control field 00765nam a22002297a 4500
005 - DATE AND TIME OF LATEST TRANSACTION
control field 20220117143036.0
008 - FIXED-LENGTH DATA ELEMENTS--GENERAL INFORMATION
fixed length control field 191204b ||||| |||| 00| 0 eng d
041 ## - LANGUAGE CODE
Language code of text/sound track or separate title eng
043 ## - GEOGRAPHIC AREA CODE
Geographic area code a-ph---
050 10 - LIBRARY OF CONGRESS CALL NUMBER
Classification number HD4811
Item number .R66 2016
100 ## - MAIN ENTRY--PERSONAL NAME
Personal name Romano, Gilda M.
245 ## - TITLE STATEMENT
Title <a href="Evaluation of the internship programs of the university of Rizal">Evaluation of the internship programs of the university of Rizal</a>
260 ## - PUBLICATION, DISTRIBUTION, ETC. (IMPRINT)
Date of publication, distribution, etc October 2016
300 ## - PHYSICAL DESCRIPTION
Extent xiv, 139 leaves :
Other physical details illustrations ;
Dimensions 28 cm
336 ## - CONTENT TYPE
Source rda content
Content type term text
337 ## - MEDIA TYPE
Source rda media
Media type term unmediated
338 ## - CARRIER TYPE
Source rda carrier
Carrier type term volume
502 ## - DISSERTATION NOTE
Dissertation note Thesis
Degree type Doctor of Philosophy major in Educational Management
Name of granting institution University of Rizal System-Morong
Year degree granted 2016
650 #0 - SUBJECT ADDED ENTRY--TOPICAL TERM
Topical term or geographic name as entry element Employee training--Methodology.
700 ## - ADDED ENTRY--PERSONAL NAME
Personal name Laroza, Rowena DR.
Relator term degree supervisor
942 ## - ADDED ENTRY ELEMENTS (KOHA)
Source of classification or shelving scheme Library of Congress Classification
Koha item type Theses and dissertations
Holdings
Withdrawn status Source of classification or shelving scheme Damaged status Not for loan Collection code Home library Current library Date acquired Total Checkouts Full call number Barcode Date last seen Copy number Price effective from Koha item type
  Library of Congress Classification     Reference Morong College Library Morong College Library 01/31/2020   HD4811 .R66 2016 URSMOR-CL-004652 01/31/2020 1 09/16/2020 Theses and dissertations
  Library of Congress Classification     Reference Morong Graduate Library Morong Graduate Library 12/04/2019   HD4811 .R66 2016 URSMOR-GL-00106 12/04/2019 1 09/16/2020 Theses and dissertations
  Library of Congress Classification     Reference Morong Graduate Library Morong Graduate Library 12/04/2019   HD4811 .R66 2016 URSMOR-GL-00107 12/04/2019 2 09/16/2020 Theses and dissertations
  Library of Congress Classification     Reference Morong Graduate Library Morong Graduate Library 12/04/2019   HD4811 .R66 2016 URSMOR-GL-00126 12/04/2019 3 09/16/2020 Theses and dissertations

University of Rizal System
Email us at univlibservices@urs.edu.ph

Visit our Website www.urs.edu.ph/library